| 000 | 00757nam a2200229 a 4500 | ||
|---|---|---|---|
| 001 | 000007100 | ||
| 005 | 20260211085656.0 | ||
| 008 | 090904d1978 dr a 000 0 spa d | ||
| 040 |
_aDO-SdBNP _bspa _cBNPHU |
||
| 082 |
_a371.1 _bM828d, 1978 |
||
| 100 | 1 |
_aMorales, Alfredo A. _916851 |
|
| 245 | 1 | 3 |
_aEl desafío de ser educador / _cAlfredo A. Morales. |
| 250 | _a2a ed. | ||
| 260 |
_aSantiago de los Caballeros : _bAmigo del Hogar, _c1978. |
||
| 300 |
_a112 p. : _bil ; _c22 cm. |
||
| 500 | _aIncluye referenciasa bibliográficas y notas al pie de las páginas | ||
| 590 | _aInventariado, 2018/VM | ||
| 504 | _aBibliografía: p. 211-213 | ||
| 650 | 0 |
_aEducación _951588 |
|
| 650 | 0 |
_aPersonal docente _916852 |
|
| 910 | _aValidado. Conrol de calidad MFF | ||
| 999 |
_c6881 _d6881 |
||